NBA Players by Letter - S - Statistics

General Stats
  • This quiz has been taken 17 times
  • The average score is 6 of 28
Answer Stats
Team Answer % Correct
76ers Ben Simmons
77%
Hornets Kobi Simmons
69%
Raptors Pascal Siakam
69%
Knicks Dennis Smith Jr.
62%
Wizards Ish Smith
62%
76ers Zhaire Smith
62%
Pacers Domantas Sabonis
38%
Celtics Marcus Smart
31%
Pacers JaKarr Sampson
23%
Bulls Tomas Satoransky
23%
Trail Blazers Anfernee Simons
15%
Thunder Dennis Schroder
15%
Clippers Landry Shamet
15%
76ers Mike Scott
15%
Warriors Alen Smailagic
8%
Cavaliers Collin Sexton
8%
Suns Dario Saric
8%
76ers Marial Shayok
8%
Pistons Tony Snell
8%
Wizards Admiral Schofield
0%
Trail Blazers Caleb Swanigan
0%
Heat Chris Silva
0%
Pacers Edmond Sumner
0%
Spurs Luka Samanic
0%
Bulls Max Strus
0%
Timberwolves Omari Spellman
0%
Hornets Ray Spalding
0%
Rockets Thabo Sefolosha
0%
No matching quizzes found
Score Distribution
Percent of People with Each Score
Percentile by Number Answered
Your Score History
You have not taken this quiz